[Event "2 Bundesliga Ost 2007/2008"]
[Site "20 2110Bruck,3011 212Bade"]
[Date "2007.10.20"]
[Round "1"]
[Board "3"]
[White "Groetz, Harald"]
[Black "Steiner, Bruno"]
[Result "1-0"]
[WhiteElo "2321"]
[BlackElo "2247"]
[PlyCount "111"]
[EventDate "2007.10.20"]
[EventType "team"]
[EventRounds "11"]
[EventCountry "AUT"]
[WhiteTeam "SV Stockerau"]
[BlackTeam "1 Wr NeustAedter SV"]

1.e4 e5 2.Nf3 Nc6 3.Bb5 a6 4.Bxc6 dxc6 5.O-O f6 6.d4 exd4 7.Nxd4 c5 8.Ne2 Qxd1
9.Rxd1 Bd7 10.Nbc3 O-O-O 11.Be3 Re8 12.Rd2 Bc6 13.Rad1 Nh6 14.Bxh6 gxh6 15.Nd5
Bd6 16.f3 Rhf8 17.Ne3 Be5 18.c3 b5 19.Nf5 h5 20.Ng7 Re7 21.Nxh5 c4 22.Nd4 Bd7
23.Ng3 Bf4 24.Re2 Bxg3 25.hxg3 f5 26.exf5 Rxe2 27.Nxe2 Bxf5 28.Kf2 c6 29.Rd4 Bb1
30.a3 Kc7 31.g4 c5 32.Rd2 a5 33.f4 b4 34.f5 bxa3 35.bxa3 Kc6 36.Nf4 Rf7 37.Ne6
Rf6 38.Nd8+ Kc7 39.Rd5 Be4 40.Re5 Bd3 41.Ne6+ Kd6 42.Nxc5 Bc2 43.Re6+ Rxe6
44.Nxe6 Ke5 45.Ke3 Bd1 46.Nd4 Bxg4 47.Nc6+ Kd5 48.f6 Bh5 49.Nxa5 Ke6 50.Nxc4
Kxf6 51.a4 Ke6 52.Kd4 Kd7 53.Kc5 Kc7 54.Nd6 Be2 55.c4 h5 56.g3

[Event "2 Bundesliga Ost 2007/2008"]
[Site "20 2110Bruck,3011 212Bade"]
[Date "2007.10.20"]
[Round "1"]
[Board "4"]
[White "Posch, Werner"]
[Black "Batyte, Daiva"]
[Result "1/2-1/2"]
[WhiteElo "2207"]
[BlackElo "2198"]
[PlyCount "47"]
[EventDate "2007.10.20"]
[EventType "team"]
[EventRounds "11"]
[EventCountry "AUT"]
[WhiteTeam "1 Wr NeustAedter SV"]
[BlackTeam "SV Stockerau"]

1.e4 b6 2.Nc3 Bb7 3.g3 Nf6 4.Bg2 e5 5.Nge2 Be7 6.d3 c6 7.f4 d6 8.O-O Nbd7 9.h3
h5 10.d4 b5 11.a3 a5 12.Be3 b4 13.Nb1 c5 14.fxe5 dxe5 15.d5 Nb6 16.Nd2 c4
17.axb4 axb4 18.Rxa8 Bxa8 19.Rf5 g6 20.Rf2 Nfd7 21.Nf3 Nc8 22.Qc1 Nd6 23.Ng5 Nf6
24.Rf1

[Event "2 Bundesliga Ost 2007/2008"]
[Site "20 2110Bruck,3011 212Bade"]
[Date "2007.10.20"]
[Round "1"]
[Board "5"]
[White "Schmid, Thomas"]
[Black "Todor, Razvan"]
[Result "1-0"]
[WhiteElo "2181"]
[BlackElo "2198"]
[PlyCount "67"]
[EventDate "2007.10.20"]
[EventType "team"]
[EventRounds "11"]
[EventCountry "AUT"]
[WhiteTeam "SV Stockerau"]
[BlackTeam "1 Wr NeustAedter SV"]

1.e4 e6 2.d4 d5 3.Nd2 Be7 4.Ngf3 Nf6 5.e5 Nfd7 6.Bd3 c5 7.c3 Nc6 8.O-O Qb6
9.dxc5 Nxc5 10.Bc2 Qc7 11.Re1 b6 12.Nb3 Ba6 13.Nbd4 Nd7 14.Nxc6 Qxc6 15.Bg5 h6
16.Nd4 Qc5 17.Be3 Qc7 18.f4 g6 19.Bxg6 fxg6 20.Nxe6 Qc6 21.f5 Bb7 22.Nd4 Qc7
23.f6 Bc5 24.f7+ Ke7 25.b4 Bxd4 26.Bxd4 Nf8 27.e6 Nxe6 28.Qf3 Qd6 29.Bf6+ Kd7
30.Bxh8 Rxh8 31.Re2 Nf4 32.Qg4+ Kc7 33.Re8 Bc8 34.Qxc8#

[Event "2 Bundesliga Ost 2007/2008"]
[Site "20 2110Bruck,3011 212Bade"]
[Date "2007.10.20"]
[Round "1"]
[Board "6"]
[White "Roman, Liviu Valeriu"]
[Black "Wiedermann, Franz"]
[Result "1/2-1/2"]
[WhiteElo "1960"]
[BlackElo "2135"]
[PlyCount "89"]
[EventDate "2007.10.20"]
[EventType "team"]
[EventRounds "11"]
[EventCountry "AUT"]
[WhiteTeam "1 Wr NeustAedter SV"]
[BlackTeam "SV Stockerau"]

1.e4 d5 2.exd5 Qxd5 3.Nc3 Qa5 4.d4 c6 5.Bf4 Nf6 6.Bc4 Bf5 7.Nge2 e6 8.O-O h6
9.a3 Nbd7 10.b4 Qd8 11.Ng3 Bg6 12.b5 Nb6 13.Bd3 Bxd3 14.Qxd3 Bd6 15.Bxd6 Qxd6
16.Nce4 Nxe4 17.Nxe4 Qe7 18.bxc6 bxc6 19.a4 O-O 20.Rfb1 Nd5 21.c4 Nb4 22.Qd2 a5
23.Nc5 Rfd8 24.Qc3 e5 25.Nb3 exd4 26.Nxd4 Qf6 27.Rd1 Rd6 28.Ne2 Rad8 29.Rxd6
Qxd6 30.Ng3 Qd4 31.Qxd4 Rxd4 32.Ne2 Rxc4 33.Rc1 Rc2 34.Rxc2 Nxc2 35.Nc1 Nd4
36.f3 Kf8 37.Kf2 Ke7 38.Ke3 c5 39.Kd3 Kd6 40.Kc4 Kc6 41.Nd3 Nf5 42.Ne5+ Kb6
43.Nd7+ Kc6 44.Ne5+ Kb6 45.Nd7+

[Event "2 Bundesliga Ost 2007/2008"]
[Site "20 2110Bruck,3011 212Bade"]
[Date "2007.10.20"]
[Round "1"]
[Board "1"]
[White "Papp, Gabor"]
[Black "Beckhuis, Gernod"]
[Result "1/2-1/2"]
[WhiteElo "2489"]
[BlackElo "2350"]
[PlyCount "53"]
[EventDate "2007.10.20"]
[EventType "team"]
[EventRounds "11"]
[EventCountry "AUT"]
[WhiteTeam "ASVOe SK Mattersburg"]
[BlackTeam "Austria Wien"]

1.e4 e5 2.Nf3 Nc6 3.Bb5 a6 4.Ba4 Nf6 5.O-O Be7 6.Re1 b5 7.Bb3 O-O 8.h3 Bb7 9.c3
d5 10.d4 Nxe4 11.dxe5 Na5 12.Bc2 Nc4 13.b3 Nb6 14.Nd4 Qd7 15.f3 c5 16.Ne2 Ng5
17.Ng3 Rad8 18.Nf5 d4 19.cxd4 cxd4 20.Qd3 g6 21.Nxe7+ Qxe7 22.Bd2 Ne6 23.Ba5 Qc5
24.b4 Qc6 25.Nd2 Rc8 26.Bb3 Nd5 27.Ne4

[Event "2 Bundesliga Ost 2007/2008"]
[Site "20 2110Bruck,3011 212Bade"]
[Date "2007.10.20"]
[Round "1"]
[Board "2"]
[White "Hangweyrer, Manfred"]
[Black "Certek, Pavel"]
[Result "1-0"]
[WhiteElo "2382"]
[BlackElo "2214"]
[PlyCount "83"]
[EventDate "2007.10.20"]
[EventType "team"]
[EventRounds "11"]
[EventCountry "AUT"]
[WhiteTeam "Austria Wien"]
[BlackTeam "ASVOe SK Mattersburg"]

1.e4 c5 2.Nf3 Nc6 3.Bb5 g6 4.O-O Bg7 5.c3 Nf6 6.d4 cxd4 7.cxd4 d5 8.Ne5 Bd7
9.Nxd7 Nxd7 10.e5 e6 11.Nc3 Rc8 12.Be3 a6 13.Be2 f5 14.exf6 Qxf6 15.Bg4 h5
16.Bh3 g5 17.f3 Nxd4 18.Qd2 Nf5 19.Bxg5 Qd4+ 20.Kh1 Qxd2 21.Bxd2 Kf7 22.Nxd5
Bxb2 23.Rab1 Rc2 24.Rfd1 Rhc8 25.Bxf5 exf5 26.Ne3 b5 27.Nxc2 Rxc2 28.Bc1 Bxc1
29.Rbxc1 Rxc1 30.Rxc1 a5 31.Rc7 Ke6 32.Rb7 b4 33.Rb5 Ne5 34.Rxa5 Nd3 35.Kg1 h4
36.g3 hxg3 37.hxg3 Nc1 38.Kf2 b3 39.a4 Nd3+ 40.Ke3 Nb2 41.Kd4 f4 42.gxf4

[Event "2 Bundesliga Ost 2007/2008"]
[Site "20 2110Bruck,3011 212Bade"]
[Date "2007.10.20"]
[Round "1"]
[Board "3"]
[White "Brod, Manfred"]
[Black "Plachetka, Jan"]
[Result "1/2-1/2"]
[WhiteElo "2198"]
[BlackElo "2398"]
[PlyCount "63"]
[EventDate "2007.10.20"]
[EventType "team"]
[EventRounds "11"]
[EventCountry "AUT"]
[WhiteTeam "ASVOe SK Mattersburg"]
[BlackTeam "Austria Wien"]

1.e4 c5 2.Nf3 d6 3.d4 cxd4 4.Nxd4 Nf6 5.Nc3 Nc6 6.Be2 e5 7.Nf3 h6 8.O-O Be7
9.Re1 O-O 10.h3 Be6 11.Bf1 Rc8 12.Nd5 Bxd5 13.exd5 Nb8 14.c4 a5 15.a3 Na6 16.Rb1
Nh7 17.b4 axb4 18.axb4 Ng5 19.Nh2 f5 20.f4 exf4 21.Bxf4 Ne4 22.Qd3 Bg5 23.Bxg5
Qxg5 24.Nf3 Qg3 25.Qd4 Rce8 26.Re2 g5 27.Nd2 Nxd2 28.Qxd2 f4 29.Qc2 Kg7 30.Qb2+
Kg8 31.Qc2 Kg7 32.Qb2+

[Event "2 Bundesliga Ost 2007/2008"]
[Site "20 2110Bruck,3011 212Bade"]
[Date "2007.10.20"]
[Round "1"]
[Board "4"]
[White "Vokroj, Rene"]
[Black "Riedner, Martin"]
[Result "1-0"]
[WhiteElo "2328"]
[BlackElo "2190"]
[PlyCount "51"]
[EventDate "2007.10.20"]
[EventType "team"]
[EventRounds "11"]
[EventCountry "AUT"]
[WhiteTeam "Austria Wien"]
[BlackTeam "ASVOe SK Mattersburg"]

1.e4 e6 2.d3 d5 3.Nd2 Nf6 4.g3 b6 5.Bg2 Bb7 6.Ngf3 c5 7.O-O Nc6 8.c3 Qc7 9.a3
Be7 10.Re1 h6 11.b4 dxe4 12.dxe4 O-O-O 13.Qa4 Nd7 14.Nc4 Bf6 15.Bf4 e5 16.Be3
Ne7 17.Red1 Kb8 18.Nd6 Bc6 19.b5 Bd5 20.exd5 Qxd6 21.Nd2 Bg5 22.Nc4 Qg6 23.d6
Nc8 24.Bc6 Nf8 25.Qa6 Rd7 26.Nxe5

[Event "2 Bundesliga Ost 2007/2008"]
[Site "20 2110Bruck,3011 212Bade"]
[Date "2007.10.20"]
[Round "1"]
[Board "5"]
[White "Salamon, Werner"]
[Black "Poecksteiner, Johann"]
[Result "0-1"]
[WhiteElo "2147"]
[BlackElo "2161"]
[PlyCount "68"]
[EventDate "2007.10.20"]
[EventType "team"]
[EventRounds "11"]
[EventCountry "AUT"]
[WhiteTeam "ASVOe SK Mattersburg"]
[BlackTeam "Austria Wien"]

1.e4 d5 2.exd5 Qxd5 3.Nc3 Qa5 4.d4 Nf6 5.Bc4 c6 6.Nf3 Bf5 7.O-O e6 8.Qe2 Be7
9.Bd2 Qc7 10.Bb3 Nbd7 11.Ne5 h5 12.Rfe1 Nxe5 13.dxe5 Nd7 14.f4 Nc5 15.Kh1 Nxb3
16.cxb3 Qd7 17.Be3 Bb4 18.Red1 Qc7 19.h3 g5 20.fxg5 Qxe5 21.Qf2 Bd6 22.Rxd6 Qxd6
23.Bc5 Qc7 24.Qd4 Rg8 25.Re1 Qd8 26.Qe3 Qxg5 27.Re2 Bd3 28.Qxg5 Rxg5 29.Rd2 Rxc5
30.Rxd3 Rd8 31.Rg3 Kf8 32.Ne4 Rc1+ 33.Kh2 Rdd1 34.Rf3 h4

[Event "2 Bundesliga Ost 2007/2008"]
[Site "20 2110Bruck,3011 212Bade"]
[Date "2007.10.21"]
[Round "2"]
[Board "1"]
[White "Chernin, Alexander"]
[Black "Beckhuis, Gernod"]
[Result "1-0"]
[WhiteElo "2587"]
[BlackElo "2350"]
[PlyCount "99"]
[EventDate "2007.10.20"]
[EventType "team"]
[EventRounds "11"]
[EventCountry "AUT"]
[WhiteTeam "Husek Wien"]
[BlackTeam "Austria Wien"]

1.d4 Nf6 2.c4 g6 3.Nc3 d5 4.Nf3 Bg7 5.Bg5 Ne4 6.cxd5 Nxg5 7.Nxg5 e6 8.Nf3 exd5
9.e3 O-O 10.b4 Be6 11.Be2 c6 12.O-O Qd6 13.Qb3 Nd7 14.Rac1 Rfe8 15.Rfd1 a6
16.Ne1 b5 17.a4 Nb6 18.Nd3 Rad8 19.Nc5 Bc8 20.Bf3 f5 21.Ne2 Kh8 22.h4 Re7 23.Nf4
Rde8 24.g3 Nc4 25.Kg2 Bf6 26.Rd3 Rg7 27.Rh1 Bd8 28.Rdd1 Bc7 29.Qc3 Rge7 30.axb5
axb5 31.Ra1 Kg8 32.Ra8 Nb6 33.Ra7 Bb8 34.Rxe7 Rxe7 35.Ncd3 Nc4 36.Ra1 h6 37.Ne5
g5 38.hxg5 hxg5 39.Nxc6 gxf4 40.Nxe7+ Qxe7 41.exf4 Bb7 42.Rh1 Bd6 43.Rh5 Bxb4
44.Qa1 Nd6 45.Rg5+ Kf8 46.Qh1 Nf7 47.Rg6 Ke8 48.Qh7 Bc3 49.Qg8+ Kd7 50.Rg7

[Event "2 Bundesliga Ost 2007/2008"]
[Site "20 2110Bruck,3011 212Bade"]
[Date "2007.10.21"]
[Round "2"]
[Board "2"]
[White "Hangweyrer, Manfred"]
[Black "Groszpeter, Attila"]
[Result "1/2-1/2"]
[WhiteElo "2382"]
[BlackElo "2540"]
[PlyCount "43"]
[EventDate "2007.10.20"]
[EventType "team"]
[EventRounds "11"]
[EventCountry "AUT"]
[WhiteTeam "Austria Wien"]
[BlackTeam "Husek Wien"]

1.e4 c5 2.Nc3 d6 3.f4 Nc6 4.Nf3 g6 5.Bb5 Bd7 6.O-O Bg7 7.d3 a6 8.Bxc6 Bxc6 9.Qe1
Nf6 10.Rb1 Qd7 11.Bd2 b6 12.h3 Bb7 13.b4 cxb4 14.Rxb4 Qc7 15.Qf2 Nd7 16.f5 Qc5
17.fxg6 Qxf2+ 18.Rxf2 hxg6 19.Nd5 Bxd5 20.exd5 Rc8 21.Be3 Rh5 22.c4

[Event "2 Bundesliga Ost 2007/2008"]
[Site "20 2110Bruck,3011 212Bade"]
[Date "2007.10.21"]
[Round "2"]
[Board "3"]
[White "Beim, Valeri"]
[Black "Plachetka, Jan"]
[Result "1/2-1/2"]
[WhiteElo "2523"]
[BlackElo "2398"]
[PlyCount "61"]
[EventDate "2007.10.20"]
[EventType "team"]
[EventRounds "11"]
[EventCountry "AUT"]
[WhiteTeam "Husek Wien"]
[BlackTeam "Austria Wien"]

1.c4 g6 2.d4 Nf6 3.Nf3 Bg7 4.g3 d5 5.cxd5 Nxd5 6.Bg2 Nc6 7.O-O Nb6 8.e3 e5 9.Nc3
Bg4 10.h3 Bxf3 11.Bxf3 exd4 12.exd4 O-O 13.d5 Nd4 14.Bg2 Re8 15.Bf4 Nc4 16.b3
Nd6 17.Rc1 Qd7 18.Qd3 b5 19.Kh2 Qf5 20.Qxf5 N4xf5 21.Rfd1 h6 22.Bf1 a6 23.Bd3 g5
24.Bd2 Bd4 25.Kg2 Bb6 26.Re1 Rad8 27.Bxf5 Nxf5 28.Ne4 Kg7 29.Bc3+ Bd4 30.Bxd4+
Nxd4 31.Rxc7

[Event "2 Bundesliga Ost 2007/2008"]
[Site "20 2110Bruck,3011 212Bade"]
[Date "2007.10.21"]
[Round "2"]
[Board "4"]
[White "Vokroj, Rene"]
[Black "Boros, Denes"]
[Result "0-1"]
[WhiteElo "2328"]
[BlackElo "2460"]
[PlyCount "100"]
[EventDate "2007.10.20"]
[EventType "team"]
[EventRounds "11"]
[EventCountry "AUT"]
[WhiteTeam "Austria Wien"]
[BlackTeam "Husek Wien"]

1.g3 d5 2.Bg2 e5 3.c4 d4 4.d3 Bd6 5.Nd2 c5 6.Ne4 Be7 7.f4 exf4 8.Bxf4 Nc6 9.Nf3
f5 10.Nf2 Bd6 11.Qd2 Nf6 12.O-O Bxf4 13.Qxf4 O-O 14.Ne5 Nh5 15.Bd5+ Kh8 16.Qf3
Nxe5 17.Qxh5 Bd7 18.Nh3 g6 19.Qh6 Ng4 20.Qd2 Rb8 21.Nf4 Ne3 22.Rf2 Qe7 23.Bf3
Qe5 24.Qa5 Qd6 25.Ng2 b5 26.Nxe3 dxe3 27.Rff1 f4 28.Qc3+ Qd4 29.Qxd4+ cxd4 30.c5
fxg3 31.hxg3 a5 32.c6 Be6 33.Rac1 Rf7 34.a3 Bh3 35.Bg2 Rxf1+ 36.Kxf1 Rf8+ 37.Kg1
Bc8 38.Bf3 g5 39.g4 h5 40.gxh5 g4 41.Bg2 Kg7 42.Rc5 Rf7 43.Rg5+ Kh6 44.Rg8 Bf5
45.Be4 Bxe4 46.dxe4 d3 47.exd3 Rf3 48.Rxg4 e2 49.Kg2 Rf8 50.Rg8 e1=N+

[Event "2 Bundesliga Ost 2007/2008"]
[Site "20 2110Bruck,3011 212Bade"]
[Date "2007.10.21"]
[Round "2"]
[Board "5"]
[White "Mihok, Oliver"]
[Black "Poecksteiner, Johann"]
[Result "1-0"]
[WhiteElo "2371"]
[BlackElo "2161"]
[PlyCount "65"]
[EventDate "2007.10.20"]
[EventType "team"]
[EventRounds "11"]
[EventCountry "AUT"]
[WhiteTeam "Husek Wien"]
[BlackTeam "Austria Wien"]

1.e4 a6 2.d4 b5 3.a4 Bb7 4.Bd3 e6 5.axb5 axb5 6.Rxa8 Bxa8 7.Nf3 c5 8.dxc5 Bxc5
9.O-O Qb6 10.Qe1 Nc6 11.Nc3 Nb4 12.Bxb5 Nxc2 13.Qd1 Nd4 14.Bxd7+ Ke7 15.Na4
Nxf3+ 16.gxf3 Qc7 17.Nxc5 Qxc5 18.Be3 Qh5 19.b4 f6 20.Bc5+ Kf7 21.Qd6 Qxf3
22.Qf8+ Kg6 23.Be8+ Kg5 24.Qxg7+ Kf4 25.Re1 Bxe4 26.Rxe4+ Qxe4 27.Bh5 Qf5
28.Qg3+ Ke4 29.Qe3+ Kd5 30.Bf3+ Kc4 31.Be2+ Kd5 32.Qd4+ Kc6 33.Qd6+

[Event "2 Bundesliga Ost 2007/2008"]
[Site "20 2110Bruck,3011 212Bade"]
[Date "2007.10.21"]
[Round "2"]
[Board "1"]
[White "Timoscenko, Gennadij"]
[Black "Papp, Gabor"]
[Result "1/2-1/2"]
[WhiteElo "2487"]
[BlackElo "2489"]
[PlyCount "22"]
[EventDate "2007.10.20"]
[EventType "team"]
[EventRounds "11"]
[EventCountry "AUT"]
[WhiteTeam "1 Wr NeustAedter SV"]
[BlackTeam "ASVOe SK Mattersburg"]

1.d4 Nf6 2.c4 e6 3.Nc3 Bb4 4.Qc2 c5 5.dxc5 O-O 6.a3 Bxc5 7.Nf3 b6 8.Bg5 Bb7 9.e3
Be7 10.Be2 Nh5 11.Bxe7 Qxe7

[Event "2 Bundesliga Ost 2007/2008"]
[Site "20 2110Bruck,3011 212Bade"]
[Date "2007.10.21"]
[Round "2"]
[Board "2"]
[White "Certek, Pavel"]
[Black "Schroll, Gerhard"]
[Result "0-1"]
[WhiteElo "2214"]
[BlackElo "2409"]
[PlyCount "96"]
[EventDate "2007.10.20"]
[EventType "team"]
[EventRounds "11"]
[EventCountry "AUT"]
[WhiteTeam "ASVOe SK Mattersburg"]
[BlackTeam "1 Wr NeustAedter SV"]

1.d4 d5 2.c4 Nc6 3.Nf3 Bg4 4.e3 e5 5.dxe5 dxc4 6.Qa4 Qd7 7.Bxc4 Rd8 8.Be2 Bb4+
9.Nc3 Nge7 10.O-O O-O 11.Rd1 Qc8 12.Bd2 Ng6 13.Be1 a6 14.Rxd8 Rxd8 15.Rd1 Rxd1
16.Qxd1 Ngxe5 17.Nxe5 Nxe5 18.Nd5 Bxe2 19.Qxe2 Bd6 20.e4 c6 21.Ne3 Qe6 22.b3 Bc5
23.Nf1 Qd6 24.Ng3 g6 25.Kf1 h5 26.Qd2 Qd3+ 27.Qxd3 Nxd3 28.f3 Nc1 29.b4 Bd6
30.a3 Nd3 31.Bc3 h4 32.Ne2 Bxh2 33.Bf6 Be5 34.Bxe5 Nxe5 35.Nd4 g5 36.Ke2 b6
37.Nf5 Kh7 38.a4 Kg6 39.Nd6 Kf6 40.Nc8 b5 41.axb5 cxb5 42.Nb6 Ke6 43.Nd5 Kd6
44.Kd2 Nc6 45.Kc3 Ke5 46.Ne3 Kf4 47.Nf5 Ne5 48.Kd2 Nxf3+

[Event "2 Bundesliga Ost 2007/2008"]
[Site "20 2110Bruck,3011 212Bade"]
[Date "2007.10.21"]
[Round "2"]
[Board "3"]
[White "Steiner, Bruno"]
[Black "Brod, Manfred"]
[Result "1-0"]
[WhiteElo "2247"]
[BlackElo "2198"]
[PlyCount "53"]
[EventDate "2007.10.20"]
[EventType "team"]
[EventRounds "11"]
[EventCountry "AUT"]
[WhiteTeam "1 Wr NeustAedter SV"]
[BlackTeam "ASVOe SK Mattersburg"]

1.Nf3 d5 2.c4 Nf6 3.cxd5 Nxd5 4.d4 g6 5.e4 Nb6 6.Nc3 Bg7 7.h3 O-O 8.Be2 c6 9.O-O
h6 10.Be3 Be6 11.Qd2 Nc4 12.Bxc4 Bxc4 13.Rfd1 Kh7 14.d5 cxd5 15.exd5 Nd7 16.Bd4
Nf6 17.Qf4 Ba6 18.Rd2 b6 19.Rad1 Rc8 20.Bxf6 Bxf6 21.Ne4 Bg7 22.d6 Bb7 23.d7 Rc6
24.b4 Kh8 25.Ne5 Bxe5 26.Qxh6+ Kg8 27.Ng5

[Event "2 Bundesliga Ost 2007/2008"]
[Site "20 2110Bruck,3011 212Bade"]
[Date "2007.10.21"]
[Round "2"]
[Board "4"]
[White "Riedner, Martin"]
[Black "Posch, Werner"]
[Result "1/2-1/2"]
[WhiteElo "2190"]
[BlackElo "2207"]
[PlyCount "102"]
[EventDate "2007.10.20"]
[EventType "team"]
[EventRounds "11"]
[EventCountry "AUT"]
[WhiteTeam "ASVOe SK Mattersburg"]
[BlackTeam "1 Wr NeustAedter SV"]

1.e4 Nf6 2.e5 Nd5 3.d4 d6 4.c4 Nb6 5.exd6 exd6 6.Nc3 Be7 7.Bd3 Nc6 8.Nge2 O-O
9.O-O Bf6 10.b3 Bg4 11.f3 Nxd4 12.Bxh7+ Kxh7 13.fxg4 Nxe2+ 14.Qxe2 Re8 15.Qf2
Qe7 16.Bd2 Bxc3 17.Bxc3 Qe3 18.Bd4 Qxf2+ 19.Rxf2 Re7 20.c5 dxc5 21.Bxc5 Rd7
22.h4 Re8 23.g5 Re4 24.h5 Re5 25.Bxb6 axb6 26.Rxf7 Rxf7 27.g6+ Kg8 28.gxf7+ Kxf7
29.Rc1 c6 30.g4 Re2 31.Rf1+ Kg8 32.Rf2 Re4 33.Rg2 Kh7 34.Kf2 Kh6 35.Kf3 Re7
36.Kf4 Rf7+ 37.Kg3 Rd7 38.Re2 Kg5 39.Re5+ Kf6 40.Rf5+ Ke6 41.Rf2 b5 42.Kh4 c5
43.Kg5 c4 44.Kg6 c3 45.Rc2 Rc7 46.g5 b4 47.h6 gxh6 48.gxh6 Ke5 49.Rh2 Rc6+
50.Kg7 Rc7+ 51.Kg6 Rc6+

[Event "2 Bundesliga Ost 2007/2008"]
[Site "20 2110Bruck,3011 212Bade"]
[Date "2007.10.21"]
[Round "2"]
[Board "5"]
[White "Todor, Razvan"]
[Black "Salamon, Werner"]
[Result "1/2-1/2"]
[WhiteElo "2198"]
[BlackElo "2147"]
[PlyCount "31"]
[EventDate "2007.10.20"]
[EventType "team"]
[EventRounds "11"]
[EventCountry "AUT"]
[WhiteTeam "1 Wr NeustAedter SV"]
[BlackTeam "ASVOe SK Mattersburg"]

1.e4 e5 2.Nf3 Nc6 3.Bc4 Be7 4.d4 d6 5.dxe5 Nxe5 6.Nxe5 dxe5 7.Qxd8+ Bxd8 8.Nc3
c6 9.a3 Nf6 10.Be3 Bb6 11.Bxb6 axb6 12.O-O-O b5 13.Bb3 Ke7 14.f3 Be6 15.Bxe6
Kxe6 16.Rd3

[Event "2 Bundesliga Ost 2007/2008"]
[Site "20 2110Bruck,3011 212Bade"]
[Date "2007.10.21"]
[Round "2"]
[Board "6"]
[White "Savio, Alfred Jun"]
[Black "Roman, Liviu Valeriu"]
[Result "1/2-1/2"]
[WhiteElo "2045"]
[BlackElo "1960"]
[PlyCount "33"]
[EventDate "2007.10.20"]
[EventType "team"]
[EventRounds "11"]
[EventCountry "AUT"]
[WhiteTeam "ASVOe SK Mattersburg"]
[BlackTeam "1 Wr NeustAedter SV"]

1.d4 Nf6 2.Nf3 c5 3.d5 e6 4.c4 exd5 5.cxd5 d6 6.Nc3 g6 7.Bg5 Bg7 8.Qd2 O-O 9.h4
h5 10.e3 Re8 11.Bd3 Na6 12.O-O Bg4 13.Bb5 Bd7 14.Bf4 Bxb5 15.Nxb5 Ne4 16.Qe2 Nb4
17.Rfd1

[Event "2 Bundesliga Ost 2007/2008"]
[Site "20 2110Bruck,3011 212Bade"]
[Date "2007.10.21"]
[Round "2"]
[Board "1"]
[White "Ganaus, Hannes"]
[Black "Polak, Thomas"]
[Result "0-1"]
[WhiteElo "2294"]
[BlackElo "2540"]
[PlyCount "82"]
[EventDate "2007.10.20"]
[EventType "team"]
[EventRounds "11"]
[EventCountry "AUT"]
[WhiteTeam "SPG Data Technology Eichgraben/P"]
[BlackTeam "SV Stockerau"]

1.d4 Nf6 2.c4 e6 3.Nc3 Bb4 4.e3 O-O 5.Bd3 c5 6.Nf3 b6 7.O-O Bb7 8.Bd2 d6 9.a3
Bxc3 10.Bxc3 Nbd7 11.Qe2 Re8 12.Rfd1 Qe7 13.b4 cxd4 14.exd4 Rac8 15.Rac1 Nf8
16.Re1 Ng6 17.Bd2 Nh5 18.Ng5 Nf6 19.Nf3 Qd7 20.h3 e5 21.Bxg6 hxg6 22.dxe5 dxe5
23.Be3 Nh5 24.Red1 Qf5 25.Ng5 f6 26.Nf3 Kh7 27.Ne1 Nf4 28.Bxf4 exf4 29.Qg4 Qe4
30.c5 bxc5 31.bxc5 Bc6 32.Nd3 Ba4 33.Rd2 Rcd8 34.Re1 Qxe1+ 35.Nxe1 Rxe1+ 36.Kh2
Rxd2 37.Qxf4 Ree2 38.Qh4+ Kg8 39.Qxa4 Rxf2 40.Qe8+ Kh7 41.Qe4 f5

[Event "2 Bundesliga Ost 2007/2008"]
[Site "20 2110Bruck,3011 212Bade"]
[Date "2007.10.21"]
[Round "2"]
[Board "2"]
[White "Chytilek, Roman"]
[Black "Neumeier, Klaus"]
[Result "1-0"]
[WhiteElo "2384"]
[BlackElo "2273"]
[PlyCount "57"]
[EventDate "2007.10.20"]
[EventType "team"]
[EventRounds "11"]
[EventCountry "AUT"]
[WhiteTeam "SV Stockerau"]
[BlackTeam "SPG Data Technology Eichgraben/P"]

1.d4 Nf6 2.c4 g6 3.Nc3 Bg7 4.e4 d6 5.Nge2 O-O 6.Ng3 e5 7.d5 c6 8.Be2 cxd5 9.cxd5
Na6 10.a3 Bd7 11.Be3 h5 12.Bg5 Qb6 13.Rb1 Ng4 14.O-O f6 15.Bd2 Bh6 16.h3 Qd4
17.Bxg4 Bxg4 18.hxg4 Qxd2 19.gxh5 Qxd1 20.Rbxd1 Bf4 21.Nce2 Bxg3 22.Nxg3 gxh5
23.Nxh5 Rac8 24.Rc1 Nc5 25.Ng3 Kf7 26.Nf5 Rfd8 27.b4 Nxe4 28.Rxc8 Rxc8 29.f3

[Event "2 Bundesliga Ost 2007/2008"]
[Site "20 2110Bruck,3011 212Bade"]
[Date "2007.10.21"]
[Round "2"]
[Board "3"]
[White "Weissenbeck, Manuel"]
[Black "Groetz, Harald"]
[Result "1-0"]
[WhiteElo "2264"]
[BlackElo "2321"]
[PlyCount "113"]
[EventDate "2007.10.20"]
[EventType "team"]
[EventRounds "11"]
[EventCountry "AUT"]
[WhiteTeam "SPG Data Technology Eichgraben/P"]
[BlackTeam "SV Stockerau"]

1.b3 e5 2.Bb2 d6 3.g3 g6 4.Bg2 Bg7 5.e3 Nc6 6.Ne2 f5 7.O-O Nf6 8.c4 O-O 9.Nbc3
h6 10.a3 a5 11.f4 e4 12.d4 d5 13.Qd2 Ne7 14.c5 b6 15.b4 Nd7 16.Rfc1 c6 17.Nd1
Ba6 18.Bf1 g5 19.Bc3 a4 20.Qb2 Ng6 21.Be1 Bc4 22.Nec3 Bxf1 23.Kxf1 bxc5 24.bxc5
gxf4 25.gxf4 Qc7 26.Ne2 Rab8 27.Qd2 Rb3 28.Rc3 Rfb8 29.Rac1 Nf6 30.h3 R3b7
31.R3c2 Kh7 32.Rb2 Rb3 33.Rc3 R3b5 34.Rcc2 Rb3 35.Rc3 R3b7 36.Rcc2 Nd7 37.Rb4
Rxb4 38.axb4 Bf6 39.Ra2 Qa7 40.Qc2 a3 41.Qb3 Ra8 42.Ndc3 Bh4 43.Nb1 Qb7 44.Rxa3
Rb8 45.Nbc3 Bxe1 46.Kxe1 Nf6 47.Ra5 Nh4 48.Qa4 Nf3+ 49.Kd1 Kg6 50.Ra6 Rc8 51.b5
cxb5 52.Qxb5 Qf7 53.Qb6 Rf8 54.c6 Kh5 55.c7 Qg8 56.c8=Q Rxc8 57.Qxf6

[Event "2 Bundesliga Ost 2007/2008"]
[Site "20 2110Bruck,3011 212Bade"]
[Date "2007.10.21"]
[Round "2"]
[Board "4"]
[White "Schmid, Thomas"]
[Black "Pichler, Michael"]
[Result "0-1"]
[WhiteElo "2181"]
[BlackElo "2170"]
[PlyCount "121"]
[EventDate "2007.10.20"]
[EventType "team"]
[EventRounds "11"]
[EventCountry "AUT"]
[WhiteTeam "SV Stockerau"]
[BlackTeam "SPG Data Technology Eichgraben/P"]

1.e4 e6 2.d4 d5 3.Nd2 Nc6 4.Ngf3 Nf6 5.e5 Nd7 6.c3 f6 7.exf6 Qxf6 8.Be2 e5
9.dxe5 Ncxe5 10.O-O Bd6 11.Nxe5 Nxe5 12.Nf3 c6 13.Nxe5 Bxe5 14.Bd3 O-O 15.Qh5 g6
16.Qh6 Bf5 17.Bg5 Qf7 18.Rad1 Rae8 19.Qh4 Re6 20.Be3 a6 21.Bc5 Rfe8 22.Qb4 Bxd3
23.Rxd3 Qf4 24.g3 Qxb4 25.Bxb4 Bf6 26.Rd2 b6 27.f4 Kf7 28.Kf2 h5 29.Rc1 Re4
30.Bd6 R8e6 31.Bc7 c5 32.Rcc2 Rc6 33.Bb8 Re8 34.Be5 Bxe5 35.fxe5 Rxe5 36.Rd3
Rf6+ 37.Kg2 Ke6 38.b3 Kd6 39.a3 g5 40.h3 Kc6 41.a4 Re4 42.Rcd2 Rf5 43.b4 cxb4
44.cxb4 Rxb4 45.Rc3+ Rc4 46.Re3 Rxa4 47.Re6+ Kc5 48.Rc2+ Rc4 49.Rb2 b5 50.Rxa6
b4 51.Ra8 Kd4 52.Re8 Re5 53.Rd2+ Kc3 54.Rxe5 Kxd2 55.Rxd5+ Kc3 56.Rxg5 b3 57.Rf5
b2 58.Rf1 Kb3 59.Rb1 Rc3 60.g4 hxg4 61.hxg4

[Event "2 Bundesliga Ost 2007/2008"]
[Site "20 2110Bruck,3011 212Bade"]
[Date "2007.10.21"]
[Round "2"]
[Board "5"]
[White "Hechl, Gerald"]
[Black "Schirmbeck, Hannes"]
[Result "1/2-1/2"]
[WhiteElo "2197"]
[BlackElo "2162"]
[PlyCount "22"]
[EventDate "2007.10.20"]
[EventType "team"]
[EventRounds "11"]
[EventCountry "AUT"]
[WhiteTeam "SPG Data Technology Eichgraben/P"]
[BlackTeam "SV Stockerau"]

1.e4 e5 2.Nf3 Nc6 3.Nc3 Nf6 4.a3 Be7 5.d4 d6 6.Be2 Bg4 7.d5 Nb8 8.Nd2 Bxe2
9.Nxe2 O-O 10.Ng3 Nbd7 11.O-O g6